000 01130cam a22003491i 4500
001 18344498
003 PILC
005 20150302123300.0
008 141022s2014 nyu j 000 1 eng
010 _a 2013498006
020 _a9780544340626 (case)
020 _a9780544340633 (v. 1)
020 _a9780544340640 (v. 2)
020 _a9780544340657 (v. 3)
020 _a9780544340664 (v. 4)
040 _aDLC
_beng
_cDLC
_erda
042 _alcac
_apcc
050 0 0 _aPZ 7
_b.L9673Gi 1993
082 0 0 _a[Fic]
100 1 _aLowry, Lois
240 1 0 _aNovels.
_kSelections
245 1 4 _aThe giver /
_cLois Lowry.
260 _aNew York :
_bHoughton Mifflin Harcourt,
_cc1993.
300 _a171 pages :
_c21 cm.
500 _aPreviously published individually, 1993-2012.
500 _aLC copy imperfect: vol. 4 (Son) pps. 1-20 missing.
_5DLC
505 0 _av. 1 The Giver -- v. 2 Gathering blue -- v. 3 Messenger -- v. 4 Son.
650 1 _aScience fiction.
906 _a7
_bcbc
_corignew
_d2
_encip
_f20
_gy-gencatlg
942 _2lcc
_cBK
999 _c283680
_d283680